Correlation between the alterations in the mRNA expressions of the α1-adrenoceptor and estrogen receptor subtypes in the pregnant human uterus and cervix

Elmentve itt :
Bibliográfiai részletek
Szerzők: Ducza Eszter
Kormányos Zsolt
Resch Béla Endre
Falkay György
Dokumentumtípus: Cikk
Megjelent: 2005
Sorozat:EUROPEAN JOURNAL OF PHARMACOLOGY 528 No. 1-3
Tárgyszavak:
doi:10.1016/j.ejphar.2005.10.050

mtmt:1472146
Online Access:http://publicatio.bibl.u-szeged.hu/30759
LEADER 00914nab a2200241 i 4500
001 publ30759
005 20241021144901.0
008 241021s2005 hu o 000 eng d
022 |a 0014-2999 
024 7 |a 10.1016/j.ejphar.2005.10.050  |2 doi 
024 7 |a 1472146  |2 mtmt 
040 |a SZTE Publicatio Repozitórium  |b hun 
041 |a eng 
100 1 |a Ducza Eszter 
245 1 0 |a Correlation between the alterations in the mRNA expressions of the α1-adrenoceptor and estrogen receptor subtypes in the pregnant human uterus and cervix  |h [elektronikus dokumentum] /  |c  Ducza Eszter 
260 |c 2005 
300 |a 183-187 
490 0 |a EUROPEAN JOURNAL OF PHARMACOLOGY  |v 528 No. 1-3 
650 4 |a Általános orvostudomány 
700 0 1 |a Kormányos Zsolt  |e aut 
700 0 1 |a Resch Béla Endre  |e aut 
700 0 1 |a Falkay György  |e aut 
856 4 0 |u http://publicatio.bibl.u-szeged.hu/30759/1/aok_klny_75_05.pdf  |z Dokumentum-elérés